| 000 | 01251nam a2200265Ia 4500 | ||
|---|---|---|---|
| 999 |
_c51167 _d51167 |
||
| 001 | 18126 | ||
| 003 | GE_BSU | ||
| 005 | 20190420231916.0 | ||
| 008 | 181216s||||||||xx |||||||||||||| ||und|| | ||
| 020 | _aISSN 1512-2727 | ||
| 040 | _cGE_BSU | ||
| 080 | _a94(479.22)(082) | ||
| 245 | _aისტორიულ-ეთნოლოგიური ძიებანი XVII= Studies in history and ethnology | ||
| 245 | _cრედ. ხ. იოსელიანი;სარედ:კოლეგია.ავთანდილ სონღულაშვილი,ლავრენტი ჯანიაშვილი და სხვ. | ||
| 250 | _aივანე ჯავახიშვილის ისტორიისა და ეთნოლოგიის ინ-ტი | ||
| 260 | _aთბილისი | ||
| 260 | _bმწიგნობარის სტ. | ||
| 260 | _c2015 | ||
| 300 | _a248გვვ.21სმ.ილ. | ||
| 520 | _aპარალ სათ. ინგლ.ენ., ტექსტ.ინგლ.ენ | ||
| 653 | _aეთნოლოგია | ||
| 653 | _aისტორია | ||
| 653 | _aისტორიულ-ეთნოლოგიური ძიებანი XVII | ||
| 942 |
_cBK _2udc |
||